[Event "Rio de Janeiro op 3rd"]
[Site "Rio de Janeiro"]
[Date "2024.04.25"]
[Round "5"]
[White "De Oliveira, Joao Eudes"]
[Black "Juca Correa, Diogo Ubirarajara"]
[Result "1-0"]
[WhiteElo "1739"]
[BlackElo "1781"]
[PlyCount "71"]
[EventDate "2024.04.22"]
[EventType "swiss"]
[EventRounds "9"]
[EventCountry "BRA"]
[SourceTitle "CBM 219 Extra"]
[Source "ChessBase"]
[SourceDate "2024.05.31"]
[SourceVersion "1"]
[SourceVersionDate "2024.05.31"]
[SourceQuality "1"]

1. d4 Nf6 2. Nf3 e6 3. Bg5 d5 4. e3 c5 5. c3 cxd4 6. exd4 Bd6 7. Bd3 h6 8. Bh4 Nbd7 9. 0-0 0-0 10. Nbd2 b6 11. Qe2 Bb7 12. Ne5 Qc7 13. f4 Rac8 14. Rf3 Rfe8 15. Re1 Bf8 16. Rh3 Be7 17. g4 Nxe5 18. fxe5 Nd7 19. Nf3 g5 20. Bg3 Bf8 21. Qe3 Bg7 22. Nxg5 hxg5 23. Qxg5 Qd8 24. Qh5 Nf8 25. Rf1 Rc7 26. Bh4 Qc8 27. Bb1 Ba6 28. Rf2 Bc4 29. Bf6 Bxf6 30. Rxf6 Ng6 31. Bxg6 Kf8 32. Qh8+ Ke7 33. Rxf7+ Kd8 34. Qf6+ Rce7 35. Rxe7 Rxe7 36. Rh8+ 1-0

[Event "Rio de Janeiro op 3rd"]
[Site "Rio de Janeiro"]
[Date "2024.04.23"]
[Round "3"]
[White "De Oliveira, Joao Eudes"]
[Black "Quintela, Filipe"]
[Result "1-0"]
[WhiteElo "1739"]
[BlackElo "1789"]
[PlyCount "69"]
[EventDate "2024.04.22"]
[EventType "swiss"]
[EventRounds "9"]
[EventCountry "BRA"]
[SourceTitle "CBM 219 Extra"]
[Source "ChessBase"]
[SourceDate "2024.05.31"]
[SourceVersion "1"]
[SourceVersionDate "2024.05.31"]
[SourceQuality "1"]

1. d4 d5 2. Nf3 Nf6 3. Bg5 Bf5 4. Nbd2 e6 5. e3 h6 6. Bh4 Bd6 7. Be2 g5 8. Bg3 Bxg3 9. hxg3 Nbd7 10. Nxg5 Qe7 11. c3 0-0-0 12. Ngf3 e5 13. dxe5 Nxe5 14. Nxe5 Qxe5 15. Nf3 Qd6 16. Nd4 Be4 17. Bf3 Qb6 18. Qb3 Rd6 19. Rh4 Qc5 20. Qb4 Qxb4 21. cxb4 Rb6 22. a3 c5 23. Rc1 c4 24. Kd2 Kb8 25. Kc3 a6 26. Rch1 Bxf3 27. gxf3 Ng8 28. e4 dxe4 29. fxe4 Ne7 30. f3 Rf6 31. Kxc4 Nc6 32. Nxc6+ Rxc6+ 33. Kd4 Rd8+ 34. Ke3 Rc2 35. R1h2 1-0

[Event "Niteroi op 3rd"]
[Site "Niteroi"]
[Date "2023.09.05"]
[Round "2"]
[White "Soares, Joao Carlos TC"]
[Black "De Oliveira, Joao Eudes"]
[Result "0-1"]
[WhiteElo "2020"]
[BlackElo "1610"]
[PlyCount "108"]
[EventDate "2023.09.04"]
[EventType "swiss"]
[EventRounds "9"]
[EventCountry "BRA"]
[SourceTitle "CBM 216 Extra"]
[Source "ChessBase"]
[SourceDate "2023.11.30"]
[SourceVersion "1"]
[SourceVersionDate "2023.11.30"]
[SourceQuality "1"]

1. d4 Nf6 2. c4 e6 3. Nf3 d5 4. Nc3 Be7 5. g3 Nbd7 6. Bg2 c6 7. 0-0 0-0 8. Qd3 Re8 9. e4 dxe4 10. Nxe4 Nxe4 11. Qxe4 Nf6 12. Qc2 Bf8 13. Rd1 Qe7 14. a3 g6 15. b4 Bg7 16. Bb2 Nd7 17. Re1 Qd8 18. a4 Rb8 19. Bc3 Qc7 20. Qd3 b6 21. Bd2 Qd8 22. Bf4 Ra8 23. a5 a6 24. Nd2 Bb7 25. Ne4 Bf8 26. Nd6 Bxd6 27. Bxd6 Nf6 28. Be5 b5 29. Qf3 Nd7 30. Bf4 Qf6 31. Qe3 h5 32. Rac1 Rec8 33. Re2 bxc4 34. Rxc4 Qf5 35. Be4 Qb5 36. Bd3 Qd5 37. f3 Nf6 38. Be5 Nd7 39. Bf4 Nf6 40. Rc3 Kh7 41. Bg5 Ng8 42. g4 hxg4 43. fxg4 c5 44. Qh3+ Kg7 45. Rxc5 Rxc5 46. dxc5 Qxg5 47. Qg3 Nf6 48. h3 Qd5 49. Kf2 Rd8 50. Bc2 Qd4+ 51. Qe3 Qxb4 52. g5 Nh5 53. Qe5+ Kh7 54. Qc7 Qf4+ 0-1

[Event "Rio de Janeiro Duchamp op 4th"]
[Site "Rio de Janeiro"]
[Date "2022.12.13"]
[Round "8"]
[White "De Oliveira, Joao Eudes"]
[Black "Sandrim Juliao, Tais"]
[Result "0-1"]
[WhiteElo "1613"]
[BlackElo "1669"]
[PlyCount "39"]
[EventDate "2022.12.07"]
[EventType "swiss"]
[EventRounds "9"]
[EventCountry "BRA"]
[SourceTitle "EXT 2024"]
[Source "ChessBase"]
[SourceDate "2023.10.10"]
[SourceVersion "1"]
[SourceVersionDate "2023.10.10"]
[SourceQuality "1"]

1. d4 Nf6 2. Nf3 g6 3. c3 Bg7 4. Bg5 0-0 5. e3 b6 6. Nbd2 Bb7 7. Bc4 d6 8. 0-0 Nbd7 9. Re1 c5 10. Qe2 Qc7 11. Rad1 a6 12. a4 d5 13. Bb3 e6 14. Bf4 Qc8 15. Bc2 Nh5 16. Bg5 Re8 17. e4 cxd4 18. Nxd4 Bxd4 19. cxd4 dxe4 20. Nxe4 0-1

[Event "Niteroi op 2nd"]
[Site "Niteroi"]
[Date "2022.09.04"]
[Round "6"]
[White "De Oliveira, Joao Eudes"]
[Black "De Freitas, Isabella Ribeiro Co"]
[Result "0-1"]
[WhiteElo "1643"]
[BlackElo "1888"]
[PlyCount "84"]
[EventDate "2022.09.01"]
[EventType "swiss"]
[EventRounds "9"]
[EventCountry "BRA"]
[SourceTitle "CBM 210 Extra"]
[Source "ChessBase"]
[SourceDate "2022.11.30"]
[SourceVersion "1"]
[SourceVersionDate "2022.11.30"]
[SourceQuality "1"]

1. d4 d5 2. Nf3 Nf6 3. Bg5 e6 4. e3 c5 5. c3 Be7 6. Bd3 0-0 7. 0-0 Nc6 8. Nbd2 c4 9. Bc2 b5 10. a3 Bb7 11. Qe2 a5 12. e4 dxe4 13. Nxe4 b4 14. h4 Rc8 15. Rfe1 Nd5 16. Bxe7 Ncxe7 17. Nc5 Ba8 18. Bxh7+ Kxh7 19. Ng5+ Kg8 20. Ncxe6 fxe6 21. Qxe6+ Kh8 22. Nf7+ Rxf7 23. Qxf7 Qf8 24. Qh5+ Kg8 25. Re5 bxc3 26. bxc3 Rc6 27. Rae1 Rg6 28. g3 Rf6 29. f4 Bc6 30. Rxe7 Nxe7 31. Qxa5 Rg6 32. Kh2 Nf5 33. d5 Bd7 34. Qc7 Bc8 35. Rg1 Nd6 36. Re1 Kh7 37. Re5 Nf5 38. Qxc4 Nxg3 39. Rg5 Rxg5 40. hxg5 Nh5 41. Qb4 Qf5 42. d6 Nxf4 0-1

[Event "Niteroi op 2nd"]
[Site "Niteroi"]
[Date "2022.09.01"]
[Round "1"]
[White "Freitas, Andre Henrique Lem"]
[Black "De Oliveira, Joao Eudes"]
[Result "1-0"]
[WhiteElo "2184"]
[BlackElo "1643"]
[PlyCount "53"]
[EventDate "2022.09.01"]
[EventType "swiss"]
[EventRounds "9"]
[EventCountry "BRA"]
[SourceTitle "CBM 210 Extra"]
[Source "ChessBase"]
[SourceDate "2022.11.30"]
[SourceVersion "1"]
[SourceVersionDate "2022.11.30"]
[SourceQuality "1"]

1. Nf3 Nf6 2. d4 e6 3. g3 d5 4. Bg2 Be7 5. 0-0 0-0 6. c4 c6 7. Nbd2 Nbd7 8. Qc2 Re8 9. e4 dxe4 10. Nxe4 Nxe4 11. Qxe4 Nf6 12. Qe2 Bf8 13. Rd1 Qb6 14. Ne5 Nd7 15. c5 Qd8 16. b4 Nf6 17. Bg5 Be7 18. Bxf6 Bxf6 19. b5 cxb5 20. Qxb5 Qe7 21. c6 Rb8 22. Rac1 Bxe5 23. dxe5 Kf8 24. c7 Ra8 25. Bxb7 Bxb7 26. Qxb7 Rec8 27. Qxa8 1-0

[Event "Joao Pessoa Fischer Memorial 11th"]
[Site "Joao Pessoa"]
[Date "2022.05.08"]
[Round "6"]
[White "De Oliveira, Lincoln Robert Lem"]
[Black "De Oliveira, Joao Eudes"]
[Result "0-1"]
[WhiteElo "1702"]
[BlackElo "1635"]
[PlyCount "120"]
[EventDate "2022.05.06"]
[EventType "swiss"]
[EventRounds "6"]
[EventCountry "BRA"]
[SourceTitle "EXT 2023"]
[Source "ChessBase"]
[SourceDate "2022.10.05"]
[SourceVersion "1"]
[SourceVersionDate "2022.10.05"]
[SourceQuality "1"]

1. c4 Nf6 2. g3 e6 3. Nf3 d5 4. cxd5 exd5 5. Bg2 Be7 6. b3 0-0 7. Bb2 c6 8. d4 Bf5 9. 0-0 Nbd7 10. Nc3 Re8 11. Re1 Ne4 12. a3 h6 13. Nd2 Ndf6 14. b4 Nxc3 15. Bxc3 Ne4 16. Bxe4 dxe4 17. Nf1 Bg5 18. Qb3 Qd5 19. Qxd5 cxd5 20. h4 Bf6 21. Ne3 Be6 22. Rac1 Rac8 23. Bb2 Kf8 24. Kg2 Ke7 25. f4 exf3+ 26. exf3 Kd6 27. Kf2 Rxc1 28. Rxc1 Rc8 29. Rxc8 Bxc8 30. Ke2 g6 31. a4 Bd7 32. b5 a6 33. bxa6 bxa6 34. a5 h5 35. f4 Kc6 36. Kd3 Be6 37. Bc3 Bd8 38. Kc2 Kb5 39. Kb3 Bxa5 40. Bxa5 Kxa5 41. Nd1 Bf5 42. Nc3 Be4 43. Ka3 Bf3 44. Na2 Kb5 45. Kb3 Bd1+ 46. Kc3 a5 47. Kd2 Bb3 48. Nc3+ Kc4 49. Ne2 a4 50. f5 a3 51. Kc1 Kd3 52. Nf4+ Kxd4 53. fxg6 fxg6 54. Kb1 Kc3 55. Ne2+ Kd2 56. Nd4 Bc4 57. Ne6 Ke3 58. Ka1 Kf3 59. Nf4 Kxg3 60. Nxg6 Kg4 0-1

[Event "Joao Pessoa Fischer Memorial 11th"]
[Site "Joao Pessoa"]
[Date "2022.05.08"]
[Round "5"]
[White "Rodrigues, Allan da Silva"]
[Black "De Oliveira, Joao Eudes"]
[Result "0-1"]
[WhiteElo "1252"]
[BlackElo "1635"]
[PlyCount "95"]
[EventDate "2022.05.06"]
[EventType "swiss"]
[EventRounds "6"]
[EventCountry "BRA"]
[SourceTitle "EXT 2023"]
[Source "ChessBase"]
[SourceDate "2022.10.05"]
[SourceVersion "1"]
[SourceVersionDate "2022.10.05"]
[SourceQuality "1"]

1. c4 e6 2. d4 Nf6 3. Nf3 d5 4. e3 Be7 5. Qc2 c6 6. Bd3 dxc4 7. Bxc4 b5 8. Bd3 Bb7 9. e4 Nbd7 10. e5 Nd5 11. Bd2 g6 12. Be4 Rc8 13. Bxd5 cxd5 14. Qd3 a6 15. a4 Bc6 16. axb5 Bxb5 17. Qe3 Qb6 18. Ba5 Qb7 19. Na3 0-0 20. Qh6 Rc6 21. Ng5 Bxg5 22. Qxg5 f6 23. exf6 Nxf6 24. Bb4 Ne4 25. Qe7 Qxe7 26. Bxe7 Rxf2 27. Nxb5 axb5 28. Rf1 Rxf1+ 29. Kxf1 Nd2+ 30. Ke2 Nb3 31. Ra8+ Kf7 32. Ra7 Nxd4+ 33. Kd3 Nf5 34. Bg5+ Kg8 35. Ra8+ Kf7 36. Ra7+ Ke8 37. Rxh7 e5 38. Rb7 e4+ 39. Kd2 Nd6 40. Rb8+ Kf7 41. b3 Ke6 42. Rg8 Kf7 43. Rd8 Ke6 44. Rg8 Kf5 45. Be3 Ra6 46. Kc3 Ra2 47. g4+ Kf6 48. Bd4+ 0-1

[Event "BRA-ch Amateur U1800"]
[Site "Sao Paulo"]
[Date "2019.06.22"]
[Round "5"]
[White "Reis, Antonio Ferreira Da"]
[Black "De Oliveira, Joao Eudes"]
[Result "1/2-1/2"]
[WhiteElo "1482"]
[BlackElo "1717"]
[PlyCount "56"]
[EventDate "2019.06.20"]
[EventType "swiss"]
[EventRounds "7"]
[EventCountry "BRA"]
[SourceTitle "CBM 195 Extra"]
[Source "ChessBase"]
[SourceDate "2020.05.31"]
[SourceVersion "1"]
[SourceVersionDate "2020.05.31"]
[SourceQuality "1"]

1. e4 c5 2. Nf3 d6 3. d4 cxd4 4. Nxd4 Nf6 5. Nc3 a6 6. Bg5 e6 7. f4 Be7 8. Qf3 Qb6 9. 0-0-0 Nbd7 10. g4 h5 11. gxh5 Nxh5 12. Bxe7 Kxe7 13. Nf5+ Kf8 14. Nxd6 Nc5 15. Nc4 Qc7 16. Ne5 Bd7 17. Be2 Ke7 18. Qg4 Rac8 19. Qg5+ f6 20. Ng6+ Ke8 21. Qh4 Nxe4 22. Bxh5 Nxc3 23. Nxh8+ Kd8 24. Nf7+ Ke7 25. bxc3 Qxc3 26. Qf2 Qa1+ 27. Kd2 Qc3+ 28. Kc1 Qa1+ 1/2-1/2

[Event "Cuiaba Contaud op"]
[Site "Cuiaba"]
[Date "2019.06.01"]
[Round "4"]
[White "Santos, Jailson da Silva"]
[Black "De Oliveira, Joao Eudes"]
[Result "0-1"]
[WhiteElo "1720"]
[BlackElo "1695"]
[PlyCount "80"]
[EventDate "2019.05.31"]
[EventType "swiss"]
[EventRounds "6"]
[EventCountry "BRA"]
[SourceTitle "EXT 2020"]
[Source "ChessBase"]
[SourceDate "2019.10.17"]
[SourceVersion "1"]
[SourceVersionDate "2019.10.17"]
[SourceQuality "1"]

1. c4 Nf6 2. Nc3 e6 3. e4 d6 4. g3 b6 5. Bg2 Bb7 6. Nge2 Be7 7. d4 0-0 8. 0-0 Nbd7 9. f4 c5 10. d5 exd5 11. Nxd5 Nxd5 12. cxd5 Ba6 13. Re1 b5 14. Be3 Nb6 15. b3 Rb8 16. g4 Bh4 17. Ng3 Bc8 18. Rf1 a5 19. Nf5 Bxf5 20. gxf5 Re8 21. e5 c4 22. f6 dxe5 23. fxe5 Rxe5 24. Bf4 Bxf6 25. Bxe5 Bxe5 26. Rc1 c3 27. Kh1 b4 28. Qh5 Bf6 29. Be4 h6 30. Qf5 Qd6 31. Rce1 Nd7 32. Qh7+ Kf8 33. Qf5 Ne5 34. Rd1 Re8 35. Bc2 Nd7 36. Rfe1 Ne5 37. Qf2 Re7 38. Qf5 Rd7 39. Qh7 Rd8 40. Qe4 Qc5 0-1

[Event "Joao Pessoa Fischer Memorial 10th"]
[Site "Joao Pessoa"]
[Date "2019.03.29"]
[Round "2"]
[White "De Oliveira, Joao Eudes"]
[Black "Medeiros, Victoria Ligia Sant"]
[Result "1-0"]
[WhiteElo "1705"]
[BlackElo "1229"]
[PlyCount "57"]
[EventDate "2019.03.29"]
[EventType "swiss"]
[EventRounds "6"]
[EventCountry "BRA"]
[SourceTitle "CBM 190 Extra"]
[Source "ChessBase"]
[SourceDate "2019.07.15"]
[SourceVersion "1"]
[SourceVersionDate "2019.07.15"]
[SourceQuality "1"]

1. d4 Nf6 2. Nf3 d6 3. Bg5 Nbd7 4. e3 h6 5. Bh4 g5 6. Bg3 Ne4 7. Nbd2 Nxg3 8. hxg3 Bg7 9. c3 e5 10. Be2 c6 11. 0-0 Nf8 12. Re1 Ng6 13. Nc4 Be6 14. dxe5 dxe5 15. a3 0-0 16. Qc2 Ne7 17. Rad1 Qc7 18. e4 f5 19. exf5 Bxf5 20. Bd3 Bxd3 21. Qxd3 Rad8 22. Qe4 Rd5 23. Ncxe5 Bxe5 24. Nxe5 Rf5 25. Ng4 Rxd1 26. Rxd1 Rd5 27. Nf6+ Kf7 28. Nxd5 cxd5 29. Qh7+ 1-0

[Event "BRA-ch Amateur U1800"]
[Site "Sao Paulo"]
[Date "2018.06.02"]
[Round "5"]
[White "Villafuerte, Antonio Gabriel Pac"]
[Black "De Oliveira, Joao Eudes"]
[Result "1-0"]
[WhiteElo "1676"]
[BlackElo "1756"]
[PlyCount "59"]
[EventDate "2018.05.31"]
[EventType "swiss"]
[EventRounds "7"]
[EventCountry "BRA"]
[SourceTitle "EXT 2021"]
[Source "ChessBase"]
[SourceDate "2020.10.23"]
[SourceVersion "1"]
[SourceVersionDate "2020.10.23"]
[SourceQuality "1"]

1. e4 c5 2. Nf3 d6 3. d3 Nc6 4. g3 Nf6 5. Bg2 e5 6. 0-0 Be7 7. h3 Bd7 8. c3 0-0 9. Ne1 Qc8 10. Kh2 b5 11. f4 exf4 12. gxf4 Re8 13. e5 Ng4+ 14. hxg4 Bxg4 15. Bf3 Bxf3 16. Qxf3 Qf5 17. exd6 Bxd6 18. Qxc6 Re2+ 19. Ng2 Rae8 20. Qf3 R8e6 21. Rf2 Rxf2 22. Qxf2 Rh6+ 23. Kg1 Qh3 24. Qf1 Qg3 25. Nd2 g5 26. Ne4 Qh2+ 27. Kf2 gxf4 28. Qg1 Qxg1+ 29. Kxg1 Rg6 30. Kf2 1-0

[Event "BRA-ch Amateur U1800"]
[Site "Sao Paulo"]
[Date "2018.05.31"]
[Round "6"]
[White "De Oliveira, Joao Eudes"]
[Black "Azevedo, Hugo Daniel de Oliv"]
[Result "1-0"]
[WhiteElo "1756"]
[BlackElo "1650"]
[PlyCount "82"]
[EventDate "2018.05.31"]
[EventType "swiss"]
[EventRounds "7"]
[EventCountry "BRA"]
[SourceTitle "EXT 2021"]
[Source "ChessBase"]
[SourceDate "2020.10.23"]
[SourceVersion "1"]
[SourceVersionDate "2020.10.23"]
[SourceQuality "1"]

1. d4 c5 2. dxc5 g6 3. Nf3 Bg7 4. c3 a5 5. e4 Qc7 6. Be3 Na6 7. Nbd2 Nxc5 8. Be2 Nf6 9. Qc2 d6 10. 0-0 0-0 11. Nd4 Bd7 12. f4 e5 13. Nb5 Bxb5 14. Bxb5 Ne6 15. Rac1 Nxf4 16. Bxf4 exf4 17. a4 Nh5 18. Rfd1 Rac8 19. Qb3 Rfd8 20. Qd5 Nf6 21. Qg5 Nh5 22. Nb3 Qb6+ 23. Nd4 Rc5 24. Qg4 Be5 25. Kf1 Bxd4 26. Rxd4 Rxb5 27. axb5 Qxb5+ 28. c4 Qxb2 29. Rcd1 Qb4 30. Qg5 Re8 31. Qb5 Qc3 32. Qxe8+ Kg7 33. Qb5 Nf6 34. Rd5 Qc2 35. Rxd6 a4 36. R6d2 Qc3 37. Qxa4 h5 38. Rd3 Qb2 39. Qa1 Qb4 40. Qc3 Qc5 41. e5 Ng4 1-0

[Event "Joao Pessoa Fischer Memorial 9th"]
[Site "Joao Pessoa"]
[Date "2018.03.18"]
[Round "5"]
[White "Barbosa, Eugenio Seve de Me"]
[Black "De Oliveira, Joao Eudes"]
[Result "1-0"]
[WhiteElo "1983"]
[BlackElo "1735"]
[PlyCount "43"]
[EventDate "2018.03.16"]
[EventType "swiss"]
[EventRounds "6"]
[EventCountry "BRA"]
[SourceTitle "CBM 183 Extra"]
[Source "ChessBase"]
[SourceDate "2018.04.19"]
[SourceVersion "1"]
[SourceVersionDate "2018.04.19"]
[SourceQuality "1"]

1. d4 Nf6 2. Nf3 e6 3. Bf4 Be7 4. e3 d5 5. Bd3 c5 6. c3 Nc6 7. Nbd2 a6 8. a4 c4 9. Bc2 b6 10. Qe2 Bb7 11. e4 dxe4 12. Nxe4 b5 13. Rd1 0-0 14. Nfg5 h6 15. Nxf6+ Bxf6 16. Qe4 g6 17. Nxe6 fxe6 18. Qxg6+ Bg7 19. Qh7+ Kf7 20. Bg6+ Kf6 21. Be5+ Kg5 22. h4+ 1-0

[Event "Joao Pessoa Fischer Memorial 9th"]
[Site "Joao Pessoa"]
[Date "2018.03.16"]
[Round "2"]
[White "Pereira Rodrigues, Bruno Paulo"]
[Black "De Oliveira, Joao Eudes"]
[Result "0-1"]
[WhiteElo "1626"]
[BlackElo "1735"]
[PlyCount "79"]
[EventDate "2018.03.16"]
[EventType "swiss"]
[EventRounds "6"]
[EventCountry "BRA"]
[SourceTitle "CBM 183 Extra"]
[Source "ChessBase"]
[SourceDate "2018.04.19"]
[SourceVersion "1"]
[SourceVersionDate "2018.04.19"]
[SourceQuality "1"]

1. d4 d5 2. Nf3 Nf6 3. Bg5 e6 4. e3 Bd6 5. Bd3 Nbd7 6. 0-0 0-0 7. c4 a6 8. Nbd2 c6 9. Qc2 h6 10. Bh4 Qc7 11. c5 Be7 12. Bg3 Qd8 13. Ne5 Nh5 14. Ndf3 g5 15. Nxd7 Bxd7 16. Ne5 Kg7 17. h3 f5 18. Nxd7 Qxd7 19. Be5+ Bf6 20. g4 Bxe5 21. dxe5 fxg4 22. hxg4 Qf7 23. Bg6 Qxg6 24. Qxg6+ Kxg6 25. gxh5+ Kxh5 26. f4 Rf5 27. Rf3 Raf8 28. Raf1 g4 29. Rg3 d4 30. exd4 Rxf4 31. Rxf4 Rxf4 32. Rb3 Rxd4 33. Rxb7 Rd5 34. Rb6 Rxc5 35. Rxa6 Kg5 36. b4 Rc2 37. a4 Kf5 38. Ra5 Ke4 39. b5 Kf3 40. bxc6 0-1

[Event "Joao Pessoa Fischer Memorial 8th"]
[Site "Joao Pessoa"]
[Date "2017.03.17"]
[Round "2"]
[White "De Oliveira, Joao Eudes"]
[Black "Da Silva, Gerson Lennon Cabra"]
[Result "1-0"]
[WhiteElo "1748"]
[BlackElo "1347"]
[PlyCount "53"]
[EventDate "2017.03.17"]
[EventType "swiss"]
[EventRounds "6"]
[EventCountry "BRA"]
[SourceTitle "CBM 177 Extra"]
[Source "ChessBase"]
[SourceDate "2017.04.27"]
[SourceVersion "1"]
[SourceVersionDate "2017.04.27"]
[SourceQuality "1"]

1. d4 Nf6 2. Nf3 d6 3. Bg5 g6 4. Bxf6 exf6 5. Nbd2 d5 6. e3 Bg7 7. c3 0-0 8. Bd3 f5 9. 0-0 Be6 10. Ne5 Nd7 11. f4 c5 12. Qf3 c4 13. Bc2 Nb6 14. Qh3 f6 15. Nef3 g5 16. fxg5 fxg5 17. Qg3 h6 18. Ne5 Qc7 19. Ndf3 Nd7 20. Ng6 Qxg3 21. hxg3 Rfe8 22. Ba4 g4 23. Nfe5 Kh7 24. Nf4 Rad8 25. Nxe6 Rxe6 26. Bxd7 Bxe5 27. Bxe6 1-0